000 00274nam a2200145Ia 4500
100 _aDoehler
942 _cBK
654 _acasting
245 _aDie Casting
260 _bMcGraw Hill
_c2001
082 _a621.7
_bWAL
300 _a502
546 _aENGLISH
999 _c35207
_d35207